[Event "Belgrade Trophy 35th"]
[Site "Belgrade"]
[Date "2021.12.01"]
[Round "8"]
[White "Savic, Lazar"]
[Black "Rajlic, Irina"]
[Result "0-1"]
[WhiteElo "1245"]
[BlackElo "1475"]
[PlyCount "64"]
[EventDate "2021.11.24"]
[EventType "swiss"]
[EventRounds "9"]
[EventCountry "SRB"]
[SourceTitle "EXT 2023"]
[Source "ChessBase"]
[SourceDate "2022.10.05"]
[SourceVersion "1"]
[SourceVersionDate "2022.10.05"]
[SourceQuality "1"]

1. e4 e5 2. Nf3 Nc6 3. Bc4 Bc5 4. c3 Nf6 5. d3 0-0 6. 0-0 a6 7. a4 h6 8. h3 d6 9. Re1 Re8 10. Be3 Ba7 11. Na3 Be6 12. Bxa7 Rxa7 13. d4 Bxc4 14. Nxc4 exd4 15. Nxd4 Nxd4 16. Qxd4 Ra8 17. f4 Nd7 18. Qf2 Nc5 19. Qe2 d5 20. Red1 Qe7 21. Rxd5 Ne6 22. Qf2 Qf6 23. Ne3 Qg6 24. Nf5 Nxf4 25. Rd7 Nxh3+ 26. Kf1 Nxf2 27. Kxf2 Qb6+ 28. Kg3 Qxb2 29. Rad1 Qxc3+ 30. R1d3 Qe5+ 31. Kf2 Qf6 32. Rxc7 Qb6+ 0-1